Logo BPK

Biblioteka

Politechniki Koszalińskiej

Granica polsko-niemiecka po II wojnie światowej / (Rekord nr 13037)

Szczegóły MARC
000 -ETYKIETA REKORDU
podpole kontrolne o stałej długości 01874cam a2200577 i 4500
001 - NUMER KONTROLNY REKORDU
pole kontrolne 13037
003 - IDENTYFIKATOR NUMERU KONTROLNEGO REKORDU
podpole kontrolne KOSZ 005
005 - DATA OSTATNIEJ MODYFIKACJI REKORDU
podpole kontrolne 20250410111309.0
008 - POLE O STAŁEJ DŁUGOŚCI - DANE KONTROLNE
podpole kontrolne o stałej długości 250410s1970 pl g 000 0 pol
015 ## - NUMER BIBLIOGRAFII NARODOWEJ
Numer bibliografii narodowej UWD 1970/2845
035 ## - NUMER SYSTEMOWY
Numer systemowy przejętego rekordu 991034739589705066
035 ## - NUMER SYSTEMOWY
Numer systemowy przejętego rekordu (PL-WaBN)b19349403-48omnis_nlop
035 ## - NUMER SYSTEMOWY
Numer systemowy przejętego rekordu b19349403
035 ## - NUMER SYSTEMOWY
Numer systemowy przejętego rekordu (OCoLC)830839104
035 ## - NUMER SYSTEMOWY
Numer systemowy przejętego rekordu zz2002944666
035 ## - NUMER SYSTEMOWY
Numer systemowy przejętego rekordu (PL)b0000001934940
035 ## - NUMER SYSTEMOWY
Numer systemowy przejętego rekordu (EXLNZ-48OMNIS_NETWORK)9910349532205606
040 ## - ŹRÓDŁO KATALOGOWANIA
Instytucja, która sporządziła opis WA N
Instytucja, która utworzyła rekord WA N
Instytucja, która dokonała modyfikacji KOSZ 005/RW
046 ## - DATY KODOWANE
Pojedyncza data lub początek okresu powstania dzieła lub zbioru dzieł 1970
080 ## - UNIWERSALNA KLASYFIKACJA DZIESIĘTNA - UKD
UKD 94(438).083
080 ## - UNIWERSALNA KLASYFIKACJA DZIESIĘTNA - UKD
UKD 327(438)
080 ## - UNIWERSALNA KLASYFIKACJA DZIESIĘTNA - UKD
UKD 327(430)
080 ## - UNIWERSALNA KLASYFIKACJA DZIESIĘTNA - UKD
UKD 341.221/223
100 1# - NAZWA OSOBOWA
Nazwa osobowa Klafkowski, Alfons
Daty związane z nazwą (1912-1992)
Określenie rodzaju współpracy Autor
245 10 - TYTUŁ/ODPOWIEDZIALNOŚĆ
Tytuł Granica polsko-niemiecka po II wojnie światowej /
Pozostałe elementy strefy tytułu i oznaczenia odpowiedzialności Alfons Klafkowski.
250 ## - STREFA WYDANIA
Oznaczenie wydania Wydanie I.
260 ## - STREFA ADRESU WYDAWNICZEGO
Miejsce wydania Poznań :
Nazwa wydawcy/dystrybutora Wydawnictwo Poznańskie,
Data publikacji, dystrybucji/powstania dokumentu 1970.
300 ## - STREFA OPISU FIZYCZNEGO
Objętość 113, [7] stron ;
Rozmiary 20 cm.
336 ## - TYP ZAWARTOŚCI
Termin opisujący typ zawartości Tekst
Kod określający zawartość txt
Źródło (terminu i kodu) rdacontent
337 ## - TYP MEDIÓW
Tryb odtwarzania Bez urządzenia pośredniczącego
Kod typu mediów n
Źródło (terminu i kodu) rdamedia
338 ## - TYP/RODZAJ NOŚNIKA
Hasło opisujące typ nośnika Wolumin
Kod typu nośnika nc
Źródło (terminu i kodu) rdacarrier
380 ## - FORMA I TYP PUBLIKACJI
Forma i typ publikacji Książki
380 ## - FORMA I TYP PUBLIKACJI
Forma i typ publikacji Publikacje popularnonaukowe
388 1# - CZAS POWSTANIA
Czas powstania 1901-2000
388 1# - CZAS POWSTANIA
Czas powstania 1945-1989
504 ## - UWAGA DOTYCZĄCA BIBLIOGRAFII
Informacje o bibliografii Bibliografia na stronie [115].
648 #7 - HASŁO PRZEDMIOTOWE - TERMIN CHRONOLOGICZNY
Termin chronologiczny 1901-2000
Źródło hasła lub terminu DBN
648 #7 - HASŁO PRZEDMIOTOWE - TERMIN CHRONOLOGICZNY
Termin chronologiczny 1945-1989
Źródło hasła lub terminu DBN
650 #7 - HASŁO PRZEDMIOTOWE W FORMIE NAZWY OGÓLNEJ LUB JEDNOSTKOWEJ
Nazwa ogólna lub geograficzna Granice
Źródło hasła lub terminu DBN
650 #7 - HASŁO PRZEDMIOTOWE W FORMIE NAZWY OGÓLNEJ LUB JEDNOSTKOWEJ
Nazwa ogólna lub geograficzna Polityka międzynarodowa
Źródło hasła lub terminu DBN
650 #7 - HASŁO PRZEDMIOTOWE W FORMIE NAZWY OGÓLNEJ LUB JEDNOSTKOWEJ
Nazwa ogólna lub geograficzna Umowa międzynarodowa
Źródło hasła lub terminu DBN
651 #7 - HASŁO PRZEDMIOTOWE W FORMIE NAZWY GEOGRAFICZNEJ
Nazwa geograficzna Niemcy
Źródło hasła lub terminu DBN
651 #7 - HASŁO PRZEDMIOTOWE W FORMIE NAZWY GEOGRAFICZNEJ
Nazwa geograficzna Polska
Źródło hasła lub terminu DBN
655 #7 - TERMIN INDEKSOWY - OKREŚLENIE RODZAJU/FORMY DOKUMENTU
Określenie rodzaju/formy dokumentu Opracowanie
658 ## - TERMIN INDEKSOWY - PRZEDMIOT PROGRAMU NAUCZANIA
Główny przedmiot programu nauczania Polityka, politologia, administracja publiczna
658 ## - TERMIN INDEKSOWY - PRZEDMIOT PROGRAMU NAUCZANIA
Główny przedmiot programu nauczania Prawo i wymiar sprawiedliwości
710 2# - HASŁO DODATKOWE - NAZWA CIAŁA ZBIOROWEGO
Nazwa ciała zbiorowego lub jednostki geograficznej Wydawnictwo Poznańskie
Kod określenia powiązania pbl
856 ## - LOKALIZACJA I DOSTĘP DO ELEKTRONICZNYCH DOKUMENTÓW ZDALNYCH
Link (URL) https://koha.tu.koszalin.pl/cgi-bin/koha/opac-detail.pl?biblionumber=13037
Tekst linku Katalog online BPK
942 ## - DODATKOWE ELEMENTY (KOHA)
Schemat klasyfikacji Uniwersalna Klasyfikacja Dziesiętna
Typ dokumentu Książka
Egzemplarze
Wycofany Status egzemplarza Uszkodzony Dostępność Lokalizacja stała Lokalizacja bieżąca Miejsce przechowywania Sygnatura Kod kreskowy Typ dokumentu
      Dostępny Biblioteka Politechniki Koszalińskiej Biblioteka Politechniki Koszalińskiej Wypożyczalnia BG 9553 01777079 Książka
      Tylko na miejscu Biblioteka Politechniki Koszalińskiej Biblioteka Politechniki Koszalińskiej Czytelnia Wydziałowa ul. Kwiatkowskiego 6e 103583 02581682 Książka
© 2023 Biblioteka Politechniki Koszalińskiej :: KOHA